El hueco negro : (Registro nro. 4271)

Detalles MARC
000 -LEADER
fixed length control field 01125nam a2200229Ia 4500
003 - CONTROL NUMBER IDENTIFIER
control field OSt
005 - DATE AND TIME OF LATEST TRANSACTION
control field 20200711230212.0
008 - FIXED-LENGTH DATA ELEMENTS--GENERAL INFORMATION
fixed length control field 191128s1986 ck ad fr 000 0 spa d
040 ## - CATALOGING SOURCE
Original cataloging agency CO-JMCR
Transcribing agency CO-JMCR
041 0# - LANGUAGE CODE
Language code of text/sound track or separate title spa
082 04 - DEWEY DECIMAL CLASSIFICATION NUMBER
Classification number 338.17373 /
Item number E182h
Edition number 23
100 1# - MAIN ENTRY--PERSONAL NAME
Personal name Echavarría Olozaga, Hernán,
Relator term autor
9 (RLIN) 7079
245 13 - TITLE STATEMENT
Title El hueco negro :
Remainder of title cómo caímos en él, cómo podemos salir, cómo podemos volver a caer /
Statement of responsibility, etc. Hernán Echavarría Olozaga
260 ## - PUBLICATION, DISTRIBUTION, ETC.
Place of publication, distribution, etc. Bogotá :
Name of publisher, distributor, etc. Editorial Andes,
Date of publication, distribution, etc. 1986
300 ## - PHYSICAL DESCRIPTION
Extent [252] páginas :
Other physical details gráficos a blanco y negro ;
Dimensions 19 cm.
505 0# - FORMATTED CONTENTS NOTE
Formatted contents note Cómo caímos en el hueco -- Cómo podemos salir del hueco -- Cómo podemos volver a caer
520 3# - SUMMARY, ETC.
Summary, etc. La excesiva expansión monetaria, causada primero por la bonanza cafetera, y luego por los déficits fiscales, nos lanzó a un hueco negro del cual milagrosamente podremos salir, debido a una segunda bonanza, solo si sabemos pilotear la economía
650 14 - SUBJECT ADDED ENTRY--TOPICAL TERM
Topical term or geographic name entry element Bonanza cafetera
General subdivision historia
Geographic subdivision 1967-1979
9 (RLIN) 7080
650 14 - SUBJECT ADDED ENTRY--TOPICAL TERM
Topical term or geographic name entry element Café
General subdivision producción
Chronological subdivision 1967-1979
9 (RLIN) 7081
650 14 - SUBJECT ADDED ENTRY--TOPICAL TERM
Topical term or geographic name entry element Política económica
Chronological subdivision 1967-1979
9 (RLIN) 7082
942 ## - ADDED ENTRY ELEMENTS (KOHA)
Source of classification or shelving scheme Dewey Decimal Classification
Koha item type Books
Existencias
Withdrawn status Lost status Source of classification or shelving scheme Damaged status Not for loan Collection code Home library Current library Date acquired Source of acquisition Total Checkouts Full call number Barcode Date last seen Date last checked out Copy number Koha item type Price effective from
    Dewey Decimal Classification     Non-fiction Biblioteca Pública José María del Castillo y Rada Biblioteca Pública José María del Castillo y Rada 01/15/2018 Donación 1 338.17373 / E182h 201809106 08/29/2025 08/28/2025 Ej.1 Books  
    Dewey Decimal Classification     Non-fiction Biblioteca Pública José María del Castillo y Rada Biblioteca Pública José María del Castillo y Rada 01/15/2018 Donación 1 338.17373 / E182h 430004218 12/12/2024 12/12/2024 Ej.2 Books 07/11/2020